Statistics for Top 20 Movie Monsters of All-Time

Click here to take the quiz!

General Stats

  • This quiz has been taken 50 times
  • The average score is 3 of 20

Answer Stats

#Answer% Correct
1Godzilla
100%
2King Kong
98%
20Frankenstein's Monster
63%
8The Thing
28%
12The Blob
23%
3King Ghidorah
8%
6The Kraken
8%
7Medusa
5%
19Audrey II
3%
16Stay Puft Marshmallow Man
3%
5Xenomorph Queen
3%
4Cthulhu
0%
17Graboids
0%
9Otachi
0%
14Sammael
0%
11Stitch
0%
15The Golem of Prague
0%
18The Monolith Monsters
0%
10The Nothing
0%
13The Omega
0%

Score Distribution

Percentile by Number Answered

Percent of People with Each Score

Your Score History

You have not taken this quiz